[Event "Marianske Lazne GM-A1 22nd"]
[Site "Marianske Lazne"]
[Date "2024.01.15"]
[Round "3"]
[White "Haba, Petr"]
[Black "Neuman, Petr"]
[Result "1/2-1/2"]
[WhiteElo "2437"]
[BlackElo "2398"]
[PlyCount "51"]
[EventDate "2024.01.13"]
[EventType "tourn"]
[EventRounds "9"]
[EventCountry "CZE"]
[EventCategory "7"]
[SourceTitle "CB04_2024"]
[SourceDate "2023.10.16"]
[SourceVersion "1"]
[SourceVersionDate "2023.10.16"]
[SourceQuality "1"]

1. d4 d6 2. e4 Nf6 3. Nc3 e5 4. Nf3 Nbd7 5. Bc4 Be7 6. 0-0 0-0 7. a4 c6 8. Re1 b6 9. Ba2 a6 10. h3 Rb8 11. Be3 b5 12. axb5 axb5 13. b4 Bb7 14. Rb1 Ra8 15. Bb3 Qc7 16. Nh4 g6 17. Bh6 Rfe8 18. Nf3 Bf8 19. Qd2 Bg7 20. Rbd1 Re7 21. dxe5 dxe5 22. Qg5 Bxh6 23. Qxh6 Nf8 24. Ng5 Nh5 25. Rd3 Kh8 26. g3 1/2-1/2

[Event "Marianske Lazne GM-A1 22nd"]
[Site "Marianske Lazne"]
[Date "2024.01.13"]
[Round "1"]
[White "Haba, Petr"]
[Black "Stefansson, Hannes"]
[Result "1/2-1/2"]
[WhiteElo "2437"]
[BlackElo "2498"]
[PlyCount "31"]
[EventDate "2024.01.13"]
[EventType "tourn"]
[EventRounds "9"]
[EventCountry "CZE"]
[EventCategory "7"]
[SourceTitle "CB04_2024"]
[SourceDate "2023.10.16"]
[SourceVersion "1"]
[SourceVersionDate "2023.10.16"]
[SourceQuality "1"]

1. e4 e5 2. Nf3 Nc6 3. Bb5 Nf6 4. 0-0 Nxe4 5. Re1 Nd6 6. Nxe5 Nxe5 7. Rxe5+ Be7 8. Bf1 0-0 9. Nc3 Bf6 10. Re1 Ne8 11. Nd5 Bg5 12. d4 Bxc1 13. Rxc1 d6 14. Ne7+ Kh8 15. Nxc8 Rxc8 16. c3 1/2-1/2

[Event "AUT-chT 2324"]
[Site "Austria"]
[Date "2023.11.25"]
[Round "5.4"]
[White "Peyrer, Konstantin"]
[Black "Haba, Petr"]
[Result "1/2-1/2"]
[WhiteElo "2447"]
[BlackElo "2444"]
[PlyCount "61"]
[EventDate "2023.11.22"]
[EventType "team-tourn"]
[EventRounds "11"]
[EventCountry "AUT"]
[SourceTitle "CB48_2023"]
[SourceDate "2023.11.29"]
[SourceVersion "1"]
[SourceVersionDate "2023.11.29"]
[SourceQuality "1"]
[WhiteTeam "Ottakring"]
[BlackTeam "Mistelbach"]
[WhiteTeamCountry "AUT"]
[BlackTeamCountry "AUT"]

1. e4 e5 2. Nf3 Nf6 3. Nxe5 d6 4. Nf3 Nxe4 5. d4 d5 6. Bd3 Bf5 7. 0-0 Be7 8. Re1 0-0 9. Nbd2 Nd6 10. Nf1 c6 11. Bf4 Bxd3 12. Qxd3 Na6 13. Ng3 Nc7 14. Be5 f6 15. Bxd6 Bxd6 16. Nf5 g6 17. Nxd6 Qxd6 18. Re2 Rfe8 19. Rae1 Rxe2 20. Rxe2 Re8 21. c3 Rxe2 22. Qxe2 Kf7 23. Kf1 Qe6 24. Qxe6+ Kxe6 25. Ke2 Ne8 26. Ne1 Nd6 27. Nd3 h5 28. Ke3 Nc4+ 29. Ke2 Nd6 30. Ke3 Nc4+ 31. Ke2 1/2-1/2

[Event "Dresden Uhlmann Memorial"]
[Site "Dresden"]
[Date "2023.10.09"]
[Round "3"]
[White "Haba, Petr"]
[Black "Mikhalchishin, Adrian"]
[Result "1/2-1/2"]
[WhiteElo "2445"]
[BlackElo "2455"]
[PlyCount "26"]
[EventDate "2023.10.07"]
[EventType "tourn"]
[EventRounds "9"]
[EventCountry "GER"]
[EventCategory "8"]
[SourceTitle "CB47_2023"]
[SourceDate "2023.11.22"]
[SourceVersion "1"]
[SourceVersionDate "2023.11.22"]
[SourceQuality "1"]

1. e4 e5 2. Nf3 Nf6 3. d4 Nxe4 4. dxe5 d5 5. Nbd2 Qd7 6. Bd3 Nc5 7. Be2 g6 8. 0-0 Bg7 9. Nb3 Nxb3 10. axb3 0-0 11. Bf4 Nc6 12. Bg3 b6 13. Qd2 Bb7 1/2-1/2

[Event "Dresden Uhlmann Memorial"]
[Site "Dresden"]
[Date "2023.10.07"]
[Round "1"]
[White "Haba, Petr"]
[Black "Boensch, Uwe"]
[Result "1-0"]
[WhiteElo "2445"]
[BlackElo "2457"]
[PlyCount "75"]
[EventDate "2023.10.07"]
[EventType "tourn"]
[EventRounds "9"]
[EventCountry "GER"]
[EventCategory "8"]
[SourceTitle "CB47_2023"]
[SourceDate "2023.11.22"]
[SourceVersion "1"]
[SourceVersionDate "2023.11.22"]
[SourceQuality "1"]

1. d4 d5 2. c4 e6 3. Nf3 Nf6 4. g3 Be7 5. Bg2 0-0 6. 0-0 dxc4 7. Qc2 a6 8. a4 Bd7 9. Qxc4 Bc6 10. Bg5 h6 11. Bxf6 Bxf6 12. Nc3 Bd5 13. Nxd5 exd5 14. Qb3 Ra7 15. e3 Nc6 16. Ne1 Ne7 17. Nd3 c6 18. Nc5 b6 19. Nd3 a5 20. Rfc1 g6 21. Rc2 Rb7 22. Rac1 Qd7 23. h4 h5 24. Kh2 Rfb8 25. Qa3 Kg7 26. Bh3 Qe8 27. b4 axb4 28. Nxb4 c5 29. dxc5 bxc5 30. Na6 c4 31. Nxb8 Qxb8 32. Kg1 Qa7 33. Qd6 Qxa4 34. e4 Rb1 35. e5 Bxh4 36. Rxb1 Qxc2 37. Rb7 Nf5 38. Qxd5 1-0

[Event "Bodenmais Arber op 10th"]
[Site "Bodenmais"]
[Date "2023.08.12"]
[Round "8"]
[White "Haba, Petr"]
[Black "Kleibel, Uwe"]
[Result "0-1"]
[WhiteElo "2442"]
[BlackElo "2292"]
[PlyCount "44"]
[EventDate "2023.08.05"]
[EventType "swiss"]
[EventRounds "9"]
[EventCountry "GER"]
[SourceTitle "EXT 2024"]
[Source "ChessBase"]
[SourceDate "2023.10.10"]
[SourceVersion "1"]
[SourceVersionDate "2023.10.10"]
[SourceQuality "1"]

1. d4 d5 2. c4 c6 3. Nf3 Nf6 4. Nc3 dxc4 5. a4 Bf5 6. Ne5 Nbd7 7. Nxc4 Qc7 8. g3 e5 9. dxe5 Nxe5 10. Bf4 Nfd7 11. Bg2 g5 12. Ne3 gxf4 13. Nxf5 0-0-0 14. Qc2 fxg3 15. hxg3 Kb8 16. 0-0 h5 17. Rfc1 Nf6 18. b4 Bxb4 19. Nb5 Qb6 20. Qb2 Nfg4 21. Qxb4 Qxf2+ 22. Kh1 h4 0-1

[Event "Bodenmais Arber op 10th"]
[Site "Bodenmais"]
[Date "2023.08.07"]
[Round "3"]
[White "Dauner, Benedikt"]
[Black "Haba, Petr"]
[Result "0-1"]
[WhiteElo "2377"]
[BlackElo "2442"]
[PlyCount "88"]
[EventDate "2023.08.05"]
[EventType "swiss"]
[EventRounds "9"]
[EventCountry "GER"]
[SourceTitle "EXT 2024"]
[Source "ChessBase"]
[SourceDate "2023.10.10"]
[SourceVersion "1"]
[SourceVersionDate "2023.10.10"]
[SourceQuality "1"]

1. d4 Nf6 2. Nf3 d5 3. c3 Bf5 4. Qb3 Qc8 5. c4 dxc4 6. Qxc4 e6 7. g3 Nbd7 8. Bg2 Be7 9. 0-0 0-0 10. Nbd2 h6 11. a4 Bh7 12. Ne5 Nxe5 13. dxe5 Nd5 14. a5 Rb8 15. Nb3 b5 16. axb6 Rxb6 17. Nd2 Qb8 18. Qa2 a6 19. Ne4 Rd8 20. Nc3 c6 21. Na4 Nb4 22. Qc4 Rb5 23. f4 Ra5 24. Be3 Qb5 25. Qxb5 cxb5 26. Bb6 Rxa4 27. Rxa4 bxa4 28. Bxd8 Bxd8 29. Rd1 Bb6+ 30. Kh1 Bc2 31. Rd7 g6 32. Rb7 Bc5 33. h4 h5 34. Kh2 Bb3 35. Be4 Bd5 36. Rb8+ Kg7 37. Bb1 Bc6 38. e4 Bb5 39. f5 Nc6 40. Rb7 exf5 41. exf5 Nxe5 42. Be4 gxf5 43. Bxf5 Nf3+ 44. Kh3 Bf1# 0-1

[Event "Liberec Desko op"]
[Site "Liberec"]
[Date "2023.07.19"]
[Round "6"]
[White "Novotny, Jaroslav"]
[Black "Haba, Petr"]
[Result "1-0"]
[WhiteElo "2155"]
[BlackElo "2420"]
[PlyCount "83"]
[EventDate "2023.07.15"]
[EventType "swiss"]
[EventRounds "9"]
[EventCountry "CZE"]
[SourceTitle "CBM 215 Extra"]
[Source "ChessBase"]
[SourceDate "2023.09.30"]
[SourceVersion "1"]
[SourceVersionDate "2023.09.30"]
[SourceQuality "1"]

1. c4 e5 2. g3 c6 3. Bg2 d5 4. cxd5 cxd5 5. d4 e4 6. a3 h6 7. Nc3 Nf6 8. Nh3 Nc6 9. 0-0 Be7 10. f3 0-0 11. fxe4 dxe4 12. d5 Bc5+ 13. Kh1 Ne5 14. Rxf6 Qxf6 15. Nxe4 Qb6 16. Nxc5 Qxc5 17. b4 Qd6 18. Qd4 Re8 19. Bb2 Qb6 20. Nf4 Qxd4 21. Bxd4 Bd7 22. Kg1 b6 23. Ne6 fxe6 24. Bxe5 Rac8 25. d6 Rc2 26. Kf2 Rec8 27. Be4 Rc1 28. Ra2 Rd1 29. Ke3 g5 30. a4 a6 31. b5 a5 32. Bd4 Rc4 33. Bd3 Rcc1 34. Bxb6 Ra1 35. Rc2 Rdc1 36. Rxc1 Rxc1 37. Bxa5 Ra1 38. Bc3 Rxa4 39. b6 Ra3 40. Bd4 Kf7 41. Kd2 Bc6 42. Bb5 1-0

[Event "Ceske Budejovice GM-B"]
[Site "Ceske Budejovice"]
[Date "2023.07.01"]
[Round "1"]
[White "Haba, Petr"]
[Black "Hrbek, Stepan"]
[Result "1/2-1/2"]
[WhiteElo "2420"]
[BlackElo "2317"]
[PlyCount "48"]
[EventDate "2023.07.01"]
[EventType "tourn"]
[EventRounds "9"]
[EventCountry "CZE"]
[EventCategory "5"]
[SourceTitle "CBM 215 Extra"]
[Source "ChessBase"]
[SourceDate "2023.09.30"]
[SourceVersion "1"]
[SourceVersionDate "2023.09.30"]
[SourceQuality "1"]

1. e4 c5 2. Nf3 Nc6 3. d4 cxd4 4. Nxd4 Nf6 5. Nc3 e5 6. Ndb5 d6 7. Nd5 Nxd5 8. exd5 Ne7 9. c4 Ng6 10. Qa4 Bd7 11. Qb4 Qb8 12. h4 h5 13. Be3 b6 14. g3 Be7 15. Be2 a6 16. Nc3 b5 17. cxb5 axb5 18. 0-0 f5 19. Bxb5 0-0 20. a3 Bxb5 21. Qxb5 Qd8 22. Bb6 Qb8 23. Be3 Qd8 24. Bb6 Qb8 1/2-1/2

[Event "Legnica Voivoda Cup 37th"]
[Site "Legnica"]
[Date "2023.06.04"]
[Round "7"]
[White "Haba, Petr"]
[Black "Bogdanov, Egor"]
[Result "1-0"]
[WhiteElo "2447"]
[BlackElo "2394"]
[PlyCount "67"]
[EventDate "2023.05.30"]
[EventType "tourn"]
[EventRounds "9"]
[EventCountry "POL"]
[EventCategory "7"]
[SourceTitle "CBM 214 Extra"]
[Source "ChessBase"]
[SourceDate "2023.07.31"]
[SourceVersion "1"]
[SourceVersionDate "2023.07.31"]
[SourceQuality "1"]

1. d4 g6 2. e4 Bg7 3. Nc3 a6 4. Be3 d6 5. Qd2 b5 6. h4 h5 7. 0-0-0 Nd7 8. Nh3 Bb7 9. Ng5 Nh6 10. f3 c5 11. dxc5 dxc5 12. g3 Qc7 13. Nd5 Qc6 14. Bh3 e6 15. Bxe6 fxe6 16. Nxe6 Be5 17. f4 Qxe6 18. fxe5 0-0-0 19. Bxh6 Nxe5 20. Bf4 Rhe8 21. Qa5 Bxd5 22. exd5 Rxd5 23. Rxd5 Qxd5 24. Rd1 Qe6 25. Bxe5 Qxe5 26. Qxa6+ Kc7 27. Qa7+ Kc8 28. Qd7+ Kb8 29. Qxb5+ Kc8 30. Qc6+ Kb8 31. Qd6+ Qxd6 32. Rxd6 g5 33. Rd5 g4 34. Rxc5 1-0

[Event "Munich Laimer op 2nd"]
[Site "Munich"]
[Date "2023.05.29"]
[Round "7"]
[White "Harsh, Suresh"]
[Black "Haba, Petr"]
[Result "0-1"]
[WhiteElo "2298"]
[BlackElo "2447"]
[PlyCount "126"]
[EventDate "2023.05.26"]
[EventType "swiss"]
[EventRounds "9"]
[EventCountry "GER"]
[SourceTitle "CBM 214 Extra"]
[Source "ChessBase"]
[SourceDate "2023.07.31"]
[SourceVersion "1"]
[SourceVersionDate "2023.07.31"]
[SourceQuality "1"]

1. b3 e5 2. Bb2 Nc6 3. e3 d5 4. Bb5 Bd6 5. Nf3 f6 6. c4 a6 7. cxd5 axb5 8. dxc6 bxc6 9. Qc2 Ne7 10. d4 e4 11. Nfd2 f5 12. Nc3 0-0 13. 0-0-0 Nd5 14. Nxd5 cxd5 15. Qc6 Be6 16. Kb1 b4 17. f4 Ra5 18. Qc2 Qa8 19. a4 bxa3 20. Bc3 a2+ 21. Ka1 Ra6 22. Rc1 Bd7 23. Bb2 Bb5 24. g4 fxg4 25. Rcg1 Bd7 26. Rg2 Rc6 27. Qd1 Ba3 28. Nf1 Rb8 29. Bxa3 Qxa3 30. Rb2 Rxb3 31. Rxb3 Rc1+ 32. Qxc1 Qxc1+ 33. Kxa2 Ba4 34. Rb8+ Kf7 35. Rb7 Qc6 36. Rb4 Bb5 37. Nd2 Qc2+ 38. Rb2 Qa4+ 39. Kb1 Bd3+ 40. Kc1 Qa1+ 41. Nb1 Bxb1 42. Rxb1 Qc3+ 43. Kd1 Qd3+ 44. Kc1 Qxe3+ 45. Kb2 Qxd4+ 46. Ka3 Qa7+ 47. Kb2 Ke6 48. Rhf1 d4 49. Kb3 Kd5 50. f5 Qb6+ 51. Ka4 Qa6+ 52. Kb3 d3 53. Rfc1 d2 54. Rd1 e3 55. Kc3 Qc4+ 56. Kb2 Qd3 57. f6 gxf6 58. h3 g3 59. Rg1 e2 60. h4 d1Q 61. Rbxd1 exd1Q 62. Rxd1 Qxd1 63. h5 Ke5 0-1

[Event "Stuttgart op"]
[Site "Ditzingen"]
[Date "2023.05.21"]
[Round "7"]
[White "Womacka, Mathias"]
[Black "Haba, Petr"]
[Result "1/2-1/2"]
[WhiteElo "2396"]
[BlackElo "2447"]
[PlyCount "41"]
[EventDate "2023.05.18"]
[EventType "swiss"]
[EventRounds "7"]
[EventCountry "GER"]
[SourceTitle "CBM 214 Extra"]
[Source "ChessBase"]
[SourceDate "2023.07.31"]
[SourceVersion "1"]
[SourceVersionDate "2023.07.31"]
[SourceQuality "1"]

1. e4 e6 2. d4 d5 3. Nd2 c5 4. exd5 Qxd5 5. Ngf3 cxd4 6. Bc4 Qd8 7. 0-0 Nc6 8. Nb3 a6 9. Nbxd4 Nxd4 10. Qxd4 Qxd4 11. Nxd4 Bd7 12. Be2 Ne7 13. Bf3 e5 14. Nb3 Bc6 15. Re1 f6 16. Bg4 h5 17. Be6 Bd5 18. Bxd5 Nxd5 19. f4 Nb4 20. Re2 Bd6 21. fxe5 1/2-1/2

[Event "Stuttgart op"]
[Site "Ditzingen"]
[Date "2023.05.20"]
[Round "5"]
[White "Cofman, Veaceslav"]
[Black "Haba, Petr"]
[Result "0-1"]
[WhiteElo "2284"]
[BlackElo "2447"]
[PlyCount "88"]
[EventDate "2023.05.18"]
[EventType "swiss"]
[EventRounds "7"]
[EventCountry "GER"]
[SourceTitle "CBM 214 Extra"]
[Source "ChessBase"]
[SourceDate "2023.07.31"]
[SourceVersion "1"]
[SourceVersionDate "2023.07.31"]
[SourceQuality "1"]

1. d4 Nf6 2. c4 e6 3. Nf3 Bb4+ 4. Bd2 Qe7 5. Qc2 Bxd2+ 6. Nbxd2 d6 7. Qc3 Nbd7 8. e4 e5 9. d5 Nc5 10. Qc2 a5 11. Bd3 0-0 12. Nf1 Nfxe4 13. Bxe4 f5 14. N3d2 fxe4 15. Nxe4 Bf5 16. Nfg3 Bg6 17. 0-0 h5 18. f3 h4 19. Nh1 Bxe4 20. fxe4 Qg5 21. Nf2 Rf6 22. Qc1 Qg6 23. Qe3 Raf8 24. Qe2 Rf3 25. Kh1 R3f4 26. Rae1 Nxe4 27. Nxe4 Rxf1+ 28. Rxf1 Rxf1+ 29. Qxf1 Qxe4 30. h3 Qf4 31. Qe2 g6 32. c5 Qc1+ 33. Kh2 Qf4+ 34. Kh1 e4 35. cxd6 Qc1+ 36. Kh2 Qf4+ 37. Kh1 cxd6 38. Qc4 Kh7 39. Qc7+ Kh6 40. Qe7 e3 41. a4 Qf2 42. Qe8 e2 43. Qh8+ Kg5 44. Qd8+ Qf6 0-1

[Event "AUT-chT 2223"]
[Site "Austria"]
[Date "2023.04.15"]
[Round "11.1"]
[White "Bluebaum, Matthias"]
[Black "Haba, Petr"]
[Result "1-0"]
[WhiteElo "2651"]
[BlackElo "2451"]
[PlyCount "75"]
[EventDate "2022.11.03"]
[EventType "team-tourn"]
[EventRounds "11"]
[EventCountry "AUT"]
[SourceTitle "EXT 2024"]
[Source "ChessBase"]
[SourceDate "2023.10.10"]
[SourceVersion "1"]
[SourceVersionDate "2023.10.10"]
[SourceQuality "1"]
[WhiteTeam "Jenbach"]
[BlackTeam "Grieskirchen"]
[WhiteTeamCountry "AUT"]
[BlackTeamCountry "AUT"]

1. Nf3 d5 2. g3 Nf6 3. Bg2 c6 4. 0-0 Bg4 5. h3 Bxf3 6. Bxf3 Nbd7 7. d3 e5 8. e4 dxe4 9. dxe4 h5 10. h4 Be7 11. Qe2 Nc5 12. Nd2 Ne6 13. c3 g5 14. hxg5 Nxg5 15. Nc4 Nxf3+ 16. Qxf3 Ng4 17. Rd1 Qc8 18. Nd6+ Bxd6 19. Rxd6 Qc7 20. Rd1 Rd8 21. Bg5 f6 22. Rxd8+ Qxd8 23. Rd1 Qb6 24. Bh4 Ke7 25. Qf5 Rd8 26. Qh7+ Ke6 27. Qf5+ Ke7 28. Qh7+ Ke6 29. Rf1 Qxb2 30. Qxh5 Qe2 31. Bxf6 Rd3 32. Qf5+ Kd6 33. Bxe5+ Nxe5 34. Qf6+ Kd7 35. Qxe5 Qxa2 36. Qb8 b5 37. e5 Qd5 38. Re1 1-0

[Event "AUT-chT 2223"]
[Site "Austria"]
[Date "2023.04.13"]
[Round "9.1"]
[White "Vachier Lagrave, Maxime"]
[Black "Haba, Petr"]
[Result "1-0"]
[WhiteElo "2736"]
[BlackElo "2451"]
[PlyCount "81"]
[EventDate "2022.11.03"]
[EventType "team-tourn"]
[EventRounds "11"]
[EventCountry "AUT"]
[SourceTitle "EXT 2024"]
[Source "ChessBase"]
[SourceDate "2023.10.10"]
[SourceVersion "1"]
[SourceVersionDate "2023.10.10"]
[SourceQuality "1"]
[WhiteTeam "Linz"]
[BlackTeam "Grieskirchen"]
[WhiteTeamCountry "AUT"]
[BlackTeamCountry "AUT"]

1. e4 c6 2. d4 d5 3. e5 Bf5 4. Nf3 e6 5. Be2 Ne7 6. 0-0 c5 7. c4 Nbc6 8. dxc5 d4 9. Qb3 Qc7 10. Na3 a6 11. Qa4 Rd8 12. b4 Ng6 13. Bb2 Nf4 14. Rfe1 Nxe2+ 15. Rxe2 d3 16. Rd2 Be7 17. b5 Qa5 18. Qxa5 Nxa5 19. Bc3 Bxc5 20. Bxa5 b6 21. Bxb6 Bxb6 22. bxa6 0-0 23. Nb5 h6 24. Nd6 Bg6 25. Rb1 Ba5 26. Rb5 Bxd2 27. Nxd2 f6 28. f4 fxe5 29. fxe5 Ra8 30. Rb6 Rfb8 31. c5 Be8 32. Rxb8 Rxb8 33. a7 Ra8 34. Nxe8 Rxe8 35. c6 Rf8 36. Nc4 Kf7 37. Kf2 Ke7+ 38. Ke3 d2 39. Kxd2 Rf2+ 40. Kc3 Rxa2 41. Nb6 1-0

[Event "AUT-chT 2223"]
[Site "Austria"]
[Date "2023.03.25"]
[Round "7.2"]
[White "Ragger, Markus"]
[Black "Haba, Petr"]
[Result "1/2-1/2"]
[WhiteElo "2632"]
[BlackElo "2451"]
[PlyCount "99"]
[EventDate "2022.11.03"]
[EventType "team-tourn"]
[EventRounds "11"]
[EventCountry "AUT"]
[SourceTitle "CBM 213 Extra"]
[Source "ChessBase"]
[SourceDate "2023.05.31"]
[SourceVersion "1"]
[SourceVersionDate "2023.05.31"]
[SourceQuality "1"]
[WhiteTeam "Maria Saal"]
[BlackTeam "Grieskirchen"]
[WhiteTeamCountry "AUT"]
[BlackTeamCountry "AUT"]

1. e4 c6 2. d4 d5 3. e5 Bf5 4. h4 h5 5. c4 e6 6. Nc3 dxc4 7. Bxc4 Nd7 8. Nge2 Be7 9. g3 Nh6 10. Bf4 Qb6 11. 0-0 Bg6 12. Be3 Ng4 13. Nf4 Bf5 14. Bd3 g6 15. Rc1 Rd8 16. Qe2 Bxd3 17. Nxd3 Qa6 18. Rfd1 Nh6 19. Bxh6 Rxh6 20. Ne4 Rh8 21. a3 Kf8 22. Qf3 Kg7 23. Ndc5 Qb6 24. b4 Rhf8 25. Qc3 Kh7 26. Rd3 Qc7 27. Qd2 b6 28. Nb3 Nb8 29. Qe2 Kg7 30. Nbd2 Qd7 31. Nf3 Qd5 32. Qe3 a5 33. Nc3 Qd7 34. bxa5 Bxa3 35. Ra1 Bb2 36. Ra2 Bxc3 37. Rxc3 bxa5 38. Rxa5 Qe7 39. Ng5 Rd5 40. Ra4 Qb7 41. Ne4 Nd7 42. Rac4 c5 43. Nxc5 Nxc5 44. Rxc5 Rfd8 45. Qf3 Rxc5 46. dxc5 Qxf3 47. Rxf3 Rd1+ 48. Kg2 Rc1 49. Ra3 Rxc5 50. f4 1/2-1/2

[Event "CZE-chT2D 2223"]
[Site "Czech Republic"]
[Date "2023.02.05"]
[Round "8.1"]
[White "Jirousek, Jan"]
[Black "Haba, Petr"]
[Result "0-1"]
[WhiteElo "2141"]
[BlackElo "2454"]
[PlyCount "80"]
[EventDate "2022.10.16"]
[EventType "team-tourn"]
[EventRounds "11"]
[EventCountry "CZE"]
[SourceTitle "EXT 2024"]
[Source "ChessBase"]
[SourceDate "2023.10.10"]
[SourceVersion "1"]
[SourceVersionDate "2023.10.10"]
[SourceQuality "1"]
[WhiteTeam "Lanskroun"]
[BlackTeam "Hradec Kralove Slavia"]
[WhiteTeamCountry "CZE"]
[BlackTeamCountry "CZE"]

1. d4 Nf6 2. Nf3 e6 3. c4 Bb4+ 4. Bd2 Qe7 5. a3 Bxd2+ 6. Qxd2 d6 7. Nc3 0-0 8. e4 e5 9. d5 a5 10. Rb1 a4 11. Qc2 Nbd7 12. Be2 Nc5 13. 0-0 Nh5 14. Ne1 Nf4 15. Nd3 Ncxd3 16. Bxd3 Bh3 17. g3 Nxd3 18. Qxd3 Bxf1 19. Rxf1 Qd7 20. Nb5 g6 21. Rc1 f5 22. exf5 Rxf5 23. Nc3 Raf8 24. Ne4 b6 25. Rf1 Rf3 26. Qd2 Qf5 27. Ng5 Rd3 28. Qe2 h6 29. Ne6 Rf7 30. f4 Rb3 31. Nd8 Rf6 32. Ne6 c5 33. Nc7 exf4 34. Ne8 Rf8 35. Nxd6 f3 36. Qf2 Qe5 37. Re1 Qxe1+ 38. Qxe1 f2+ 39. Qxf2 Rxf2 40. Kxf2 Kf8 0-1

[Event "Marianske Lazne GM-A2 21st"]
[Site "Marianske Lazne"]
[Date "2023.01.19"]
[Round "7"]
[White "Haba, Petr"]
[Black "Finek, Vaclav"]
[Result "1/2-1/2"]
[WhiteElo "2450"]
[BlackElo "2406"]
[PlyCount "58"]
[EventDate "2023.01.14"]
[EventType "tourn"]
[EventRounds "9"]
[EventCountry "CZE"]
[EventCategory "6"]
[SourceTitle "CBM 212 Extra"]
[Source "ChessBase"]
[SourceDate "2023.03.31"]
[SourceVersion "1"]
[SourceVersionDate "2023.03.31"]
[SourceQuality "1"]

1. e4 c5 2. Nf3 g6 3. d4 cxd4 4. Nxd4 Bg7 5. c4 Nc6 6. Be3 Nf6 7. Nc3 0-0 8. Be2 d6 9. 0-0 Bd7 10. h3 Nxd4 11. Bxd4 Bc6 12. Qc2 a5 13. b3 Nd7 14. Bxg7 Kxg7 15. Rfd1 Qb6 16. Nd5 Bxd5 17. exd5 f5 18. a3 f4 19. Qc3+ Rf6 20. b4 Qc7 21. Rac1 b6 22. Bg4 Ne5 23. Be6 f3 24. g3 axb4 25. axb4 Ra2 26. Rd2 Ra4 27. Rdd1 Ra2 28. Rd2 Ra4 29. Rdd1 Ra2 1/2-1/2

[Event "Marianske Lazne GM-A2 21st"]
[Site "Marianske Lazne"]
[Date "2023.01.17"]
[Round "5"]
[White "Haba, Petr"]
[Black "Krejci, Jan1111"]
[Result "0-1"]
[WhiteElo "2450"]
[BlackElo "2522"]
[PlyCount "138"]
[EventDate "2023.01.14"]
[EventType "tourn"]
[EventRounds "9"]
[EventCountry "CZE"]
[EventCategory "6"]
[SourceTitle "CBM 212 Extra"]
[Source "ChessBase"]
[SourceDate "2023.03.31"]
[SourceVersion "1"]
[SourceVersionDate "2023.03.31"]
[SourceQuality "1"]

1. e4 e5 2. Nf3 Nc6 3. Bb5 a6 4. Ba4 Nf6 5. 0-0 Be7 6. Re1 b5 7. Bb3 0-0 8. c3 d6 9. h3 Na5 10. Bc2 c5 11. d4 Qc7 12. d5 Bd7 13. b3 Nb7 14. Be3 g6 15. Nbd2 Nh5 16. Nf1 Ng7 17. Ng3 f6 18. Qd2 Nd8 19. Nh2 Nf7 20. f4 exf4 21. Bxf4 Ne5 22. Rf1 c4 23. b4 a5 24. a3 Ra6 25. Ne2 Qa7+ 26. Be3 Qa8 27. Rad1 axb4 28. axb4 Ra2 29. Nd4 f5 30. Bg5 Qd8 31. Bxe7 Qxe7 32. Ra1 Rfa8 33. Rxa2 Rxa2 34. Qe3 Nf7 35. Bb1 Ra8 36. Nhf3 Nh5 37. Re1 f4 38. Qf2 Ng3 39. Ne2 Nxe2+ 40. Rxe2 Ne5 41. Ra2 Rxa2 42. Bxa2 Nxf3+ 43. Qxf3 Qe5 44. Bb1 Kg7 45. Kf2 h5 46. Ke2 Kh6 47. Kd2 g5 48. Qf2 g4 49. hxg4 hxg4 50. Qh4+ Kg7 51. Bc2 f3 52. gxf3 Qf4+ 53. Kd1 Qxf3+ 54. Kc1 Qf6 55. Qg3 Kf7 56. Kd2 Ke7 57. Ke2 Qg5 58. Bd1 Be8 59. Kf2 Bd7 60. Be2 Qg6 61. Qe3 Qf6+ 62. Kg1 Qe5 63. Kg2 Kf7 64. Kg1 Bf5 65. Qa7+ Kf6 66. exf5 Qxe2 67. Qd7 Qe3+ 68. Kg2 Qf3+ 69. Kg1 Qxd5 0-1

[Event "CZE-chT1W 2223"]
[Site "Czech Republic"]
[Date "2023.01.15"]
[Round "6.5"]
[White "Plat, Vojtech"]
[Black "Haba, Petr"]
[Result "1/2-1/2"]
[WhiteElo "2546"]
[BlackElo "2454"]
[PlyCount "35"]
[EventDate "2022.10.09"]
[EventType "team-tourn"]
[EventRounds "11"]
[EventCountry "CZE"]
[SourceTitle "CBM 213 Extra"]
[Source "ChessBase"]
[SourceDate "2023.05.31"]
[SourceVersion "1"]
[SourceVersionDate "2023.05.31"]
[SourceQuality "1"]
[WhiteTeam "Lysa nad Labem II"]
[BlackTeam "Gordic"]
[WhiteTeamCountry "CZE"]
[BlackTeamCountry "CZE"]

1. d4 d5 2. c4 e6 3. Nc3 Be7 4. Bf4 Nf6 5. e3 0-0 6. Nf3 Nbd7 7. Bd3 dxc4 8. Bxc4 c5 9. 0-0 cxd4 10. exd4 Nb6 11. Bd3 Nbd5 12. Bg3 b6 13. Rc1 Bb7 14. Nxd5 Nxd5 15. a3 Rc8 16. Qe2 Rxc1 17. Rxc1 Qa8 18. Ba6 1/2-1/2